Sports Quiz

Random Sports or MLB Quiz

MLB Last 20 Rookie Leaders Quiz Stats

 Plays Quiz not verified by Sporcle

Score 0/60 Timer 10:00
0 Plays Today
Stat Rookie % Correct
HitsMike Trout
96.1%
Home RunsMike Trout
96.1%
HitsJose Abreu
91.4%
Home RunsJose Abreu
91.4%
Home RunsRyan Howard
88.4%
Home RunsEvan Longoria
87.1%
Home RunsRyan Braun
85.8%
Home RunsPrince Fielder
82.8%
WinsFreddy Garcia
81.9%
WinsJaime Garcia
81.9%
WinsJustin Verlander
81%
HitsDerek Jeter
78.9%
HitsIchiro Suzuki
78.4%
Home RunsAlbert Pujols
78%
Home RunsGiancarlo Stanton
75.4%
HitsNomar Garciaparra
74.6%
Home RunsNomar Garciaparra
74.6%
Home RunsTodd Helton
71.6%
HitsJoey Votto
69.4%
HitsYasiel Puig
68.5%
WinsYu Darvish
64.7%
HitsCarlos Beltran
64.2%
HitsHanley Ramirez
63.8%
WinsDaniel Cabrera
62.9%
Home RunsJason Bay
62.5%
Home RunsMark Trumbo
59.9%
WinsCC Sabathia
58.6%
WinsDontrelle Willis
57.8%
WinsHideo Nomo, Ishmael Valdez
56%
Home RunsPat Burrell
51.7%
Stat Rookie % Correct
HitsDelmon Young
46.6%
HitsAustin Jackson
45.7%
Home RunsMark Teixeira
42.7%
WinsDaisuke Matsuzaka
42.7%
WinsIvan Nova
41.4%
Home RunsGarrett Jones
38.8%
HitsEric Hinske
37.9%
Home RunsEric Hinske
37.9%
WinsShelby Miller
37.9%
WinsMatt Shoemaker
36.2%
Home RunsPreston Wilson
34.1%
WinsJeff Francis
34.1%
WinsJason Jennings
31.9%
WinsJair Jurrjens, Armando Galarraga
31.5%
Home RunsJedd Gyorko
31%
WinsRick Porcello
31%
HitsChris Coghlan
30.2%
HitsMarty Cordova
28.9%
Home RunsMarty Cordova
28.9%
HitsRocco Baldelli
28%
HitsDanny Espinosa
24.6%
HitsBen Grieve
21.6%
Home RunsTony Clark
21.1%
HitsAdam Kennedy
19.4%
HitsWilly Taveras
15.9%
WinsRolando Arrojo
12.5%
WinsAlan Benes
11.6%
WinsJason Dickson
6%
HitsAaron Miles
3%
WinsMark Redman
2.6%

You're not logged in!

Compare scores with friends on all Sporcle quizzes.
OR
Log In

Sporcle TV

Today on Sporcle TV


Watch our educational content, quiz creation guides, and fun videos on Sporcle TV.

Show Comments

Extras

Top Quizzes Today


Score Distribution

Your Account Isn't Verified!

In order to create a playlist on Sporcle, you need to verify the email address you used during registration. Go to your Sporcle Settings to finish the process.

Report this User

Report this user for behavior that violates our Community Guidelines.

Details: